| Tag |
First Indicator |
Second Indicator |
Subfields |
| LEADER |
00000cam a2200000 a 4500 |
| 001 |
in00005651813 |
| 008 |
010625s2000 vau b 000 0 eng d |
| 005 |
20250724200215.2 |
| 035 |
|
|
|a (OCoLC)ocm47185694
|
| 040 |
|
|
|a MMU
|b eng
|c MMU
|d OCLCQ
|d OCLCO
|d OCLCQ
|d IBD
|d OCLCO
|d OCLCA
|d OCLCQ
|d OCLCO
|d OCLCQ
|
| 035 |
|
|
|a (OCoLC)47185694
|
| 060 |
|
4 |
|a WN 180
|b .A512a 2000
|
| 110 |
2 |
|
|a American College of Radiology.
|b Task Force on Appropriateness Criteria.
|
| 245 |
1 |
0 |
|a ACR appropriateness criteria 2000 /
|c American College of Radiology, [Task Force on Appropriateness Criteria].
|
| 246 |
3 |
|
|a American College of Radiology appropriateness criteria 2000
|
| 260 |
|
|
|a Reston, Va. :
|b The College,
|c ©2000.
|
| 300 |
|
|
|a iv, 1511 pages ;
|c 28 cm
|
| 336 |
|
|
|a text
|b txt
|2 rdacontent
|
| 337 |
|
|
|a unmediated
|b n
|2 rdamedia
|
| 338 |
|
|
|a volume
|b nc
|2 rdacarrier
|
| 490 |
1 |
|
|a Radiology ;
|v v. 215(s), June 2000
|
| 504 |
|
|
|a Includes bibliographical references.
|
| 505 |
0 |
|
|a Expert Panel on Cardiovascular Imaging -- Expert Panel on Gastrointestinal Imaging -- Expert Panel on Musculoskeletal Imaging -- Expert Panel on Neurologic Imaging -- Expert Panel on Thoracic Imaging -- Expert Panel on Urologic Imaging -- Expert Panel on Pediatric Imaging -- Expert Panel on Women's Imaging -- Expert Panel on Women's Imaging-Breast Work Group -- Expert Panel on Interventional Radiology -- Expert Panel on Radiation Oncology-Bone Metastases Work Group -- Expert Panel on Radiation Oncology-Brain Work Group -- Expert Panel on Radiation Oncology-Breast Work Group -- Expert Panel on Radiation Oncology-Hodgkin's Work Group -- Expert Panel on Radiation Oncology-Lung Work Group -- Expert Panel on Radiation Oncology-Prostate Work Group -- Expert Panel on Radiation Oncology-Rectal/Anal Work Group.
|
| 530 |
|
|
|a Also issued on the Internet.
|
| 650 |
1 |
2 |
|a Radiography
|x standards
|
| 650 |
2 |
2 |
|a Practice Guidelines
|
| 830 |
|
0 |
|a Radiology.
|p Supplement ;
|v 215.
|
| 856 |
4 |
1 |
|u http://www.acr.org/departments/appropriateness_criteria/toc.html
|t 0
|
| 994 |
|
|
|a Z0
|b TXA
|
| 948 |
|
|
|h NO HOLDINGS IN TXA - 8 OTHER HOLDINGS
|
| 999 |
f |
f |
|s 590d55d2-333e-427b-bed4-b0ce28933e11
|i 79e61696-a23d-4d3d-857a-34f62263e930
|t 0
|
| 952 |
f |
f |
|p ric
|a Texas A&M University
|b Rellis Campus
|c Joint Library Facility
|d Remote Storage
|t 0
|e WN 180 A512a 2000
|i unmediated -- volume
|m 1000016450H
|
| 998 |
f |
f |
|a WN 180 A512a 2000
|t 0
|l Remote Storage
|